R v National Assembly for Wales ex p Robinson (Record no. 65538)
[ view plain ]
| 000 -LEADER | |
|---|---|
| fixed length control field | 00995cam a2200193 4500 |
| 001 - CONTROL NUMBER | |
| control field | X109837 |
| 008 - FIXED-LENGTH DATA ELEMENTS--GENERAL INFORMATION | |
| fixed length control field | 000000n2000 000 0 eng u |
| 035 ## - SYSTEM CONTROL NUMBER | |
| System control number | (Sirsi) u109837 |
| 245 ## - TITLE STATEMENT | |
| Title | R v National Assembly for Wales ex p Robinson |
| 260 ## - PUBLICATION, DISTRIBUTION, ETC. | |
| Date of publication, distribution, etc. | 2000 |
| 490 ## - SERIES STATEMENT | |
| Series statement | Property, Planning and Compensation Reports |
| Volume/sequential designation | [2000] 79 P&CR 348-361(14) |
| 520 ## - SUMMARY, ETC. | |
| Summary, etc. | QBD 11 April 2000. Real property. Definitive map identified footpath as public right of way in. Statutory requirements of publication compiled with. Application under Wildlife and Countryside Act 1981 s53(5) for deletion of footpath from map. Application refused by respondent council. Appeal to National Assembly for Wales dismissed. Whether decision reasonable in law on evidence [Taken from journal headnote]. |
| 650 ## - SUBJECT ADDED ENTRY--TOPICAL TERM | |
| Topical term or geographic name entry element | R V NATIONAL ASSEMBLY FOR WALES EX P ROBINSON |
| 650 ## - SUBJECT ADDED ENTRY--TOPICAL TERM | |
| Topical term or geographic name entry element | PUBLIC RIGHT OF WAY |
| 650 ## - SUBJECT ADDED ENTRY--TOPICAL TERM | |
| Topical term or geographic name entry element | WILDLIFE AND COUNTRYSIDE ACT 1981 S53 |
| 650 ## - SUBJECT ADDED ENTRY--TOPICAL TERM | |
| Topical term or geographic name entry element | FOOTPATH |
| 690 ## - LOCAL SUBJECT ADDED ENTRY--TOPICAL TERM (OCLC, RLIN) | |
| Topical term or geographic name as entry element | Boundary disputes |
| 9 (RLIN) | 6221 |
| 942 ## - ADDED ENTRY ELEMENTS (KOHA) | |
| Suppress in OPAC | 0 |
| Withdrawn status | Lost status | Source of classification or shelving scheme | Damaged status | Not for loan | Home library | Current library | Shelving location | Date acquired | Total Checkouts | Full call number | Barcode | Date last seen | Copy number | Price effective from | Koha item type |
|---|---|---|---|---|---|---|---|---|---|---|---|---|---|---|---|
| Dewey Decimal Classification | London | London | Journals | 06/12/2000 | X109837 | 109837-1001 | 06/08/2019 | 1 | 06/08/2019 | Law report |